000
00267nam a22001097a 4500
008
160510b xxu||||| |||| 00| 0 eng d
020
_a
9781455739387
041
_a
eng
080
_a
617
245
_a
Surgical clinics of North America:
_c
Ronald Martin;
942
_2
udc
_c
BK
999
_c
1994
_d
1994